000
00203 a2200097 4500
001
3525
100
_a
Salisbury, H
245
_a
Stalins russia & after
260
_a
_b
Macmillan
_c
090
_c
2790
_d
2790
942
_a
NUST-CAE
_c
M
_c
19891
999
_c
238598
_d
238598